Trouvez le titre des chansons en trouvant les paroles #5 - Statistiques

Statistiques générales
  • Ce quiz a été pris 450 fois
  • Le résultat moyen est 151 sur 264
Statistiques - réponses
Hint Réponse % Correct
Ciel | On écrit sur les murs à
98%
Ciel J'
96%
Ciel | Mon fils ma bataille j'
96%
Le bleu lumière j’
96%
Ciel | Mon fils ma bataille m'
95%
Le bleu lumière m’
95%
Mon fils ma bataille s'
95%
On écrit sur les murs l'
94%
Le bleu lumière L’
94%
Le bleu lumière l’
94%
Ciel le
90%
Ciel c'
89%
Mon fils ma bataille C'
89%
Le bleu lumière C’
89%
Le bleu lumière | On écrit sur les murs le
89%
Le bleu lumière | Mourir sur scène Le
89%
Ciel | Mon fils ma bataille est
87%
Ciel ai
86%
Le bleu lumière est
86%
Le bleu lumière | Mourir sur scène je
86%
Ciel la
86%
Mon fils ma bataille de
85%
Le bleu lumière | Mourir sur scène | On écrit sur les murs la
85%
On écrit sur les murs de
84%
Le bleu lumière de
83%
Mon fils ma bataille ma
82%
Mon fils ma bataille et
81%
Ciel me
81%
Le bleu lumière et
80%
Le bleu lumière me
80%
Ciel qu'
80%
Ciel tu
80%
Ciel | Mon fils ma bataille elle
79%
Ciel Elle
79%
Mon fils ma bataille | On écrit sur les murs qu'
79%
Mon fils ma bataille en
77%
Mon fils ma bataille Les
77%
Mon fils ma bataille les
77%
Mourir sur scène | On écrit sur les murs en
76%
Mourir sur scène En
76%
Mourir sur scène | On écrit sur les murs les
74%
Ciel des
73%
On écrit sur les murs se
73%
On écrit sur les murs aime
72%
Ciel un
72%
Ciel Ça
71%
On écrit sur les murs ce
71%
Le bleu lumière se
71%
Ciel pas
70%
On écrit sur les murs pour
70%
Mon fils ma bataille Ça
69%
On écrit sur les murs Des
69%
On écrit sur les murs On
69%
On écrit sur les murs on
69%
Mon fils ma bataille pas
69%
On écrit sur les murs que
69%
On écrit sur les murs Un
69%
Ciel ne
68%
Le bleu lumière
68%
Le bleu lumière un
68%
On écrit sur les murs amour
67%
Mon fils ma bataille Au
67%
Le bleu lumière que
67%
Mon fils ma bataille vous
67%
Mon fils ma bataille mon
66%
Ciel une
66%
Mourir sur scène vous
65%
Mourir sur scène Au
63%
Mourir sur scène au
63%
Mon fils ma bataille Si
63%
Ciel du
62%
Mon fils ma bataille mes
62%
Ciel dans
61%
Le bleu lumière qui
61%
Ciel dit
60%
Mon fils ma bataille tout
58%
Le bleu lumière Si
57%
On écrit sur les murs tout
56%
On écrit sur les murs jour
55%
Ciel était
54%
Ciel fait
54%
Mourir sur scène Moi
54%
Mon fils ma bataille fait
53%
Mourir sur scène tout
52%
Mon fils ma bataille aille,
51%
Mon fils ma bataille aille
51%
Mourir sur scène | On écrit sur les murs sur
50%
Ciel avais
49%
Mon fils ma bataille vais
48%
Mon fils ma bataille oh-
47%
Mon fils ma bataille oh
47%
Mon fils ma bataille Oh,
47%
Ciel Oui,
47%
Mon fils ma bataille peur
47%
Ciel étais
44%
Mon fils ma bataille bataille
43%
On écrit sur les murs beau
43%
Mon fils ma bataille casser
43%
On écrit sur les murs dire
43%
Mon fils ma bataille entrailles
43%
Mon fils ma bataille Fallait
43%
Mon fils ma bataille fils,
43%
Mon fils ma bataille fruit
43%
Le bleu lumière plus
43%
On écrit sur les murs ceux
42%
Mon fils ma bataille juges
42%
Mon fils ma bataille lois
42%
Mon fils ma bataille touchez
42%
Le bleu lumière tous
42%
On écrit sur les murs nos
41%
On écrit sur les murs Nos
41%
Ciel cauchemar,
40%
Le bleu lumière ciel
40%
Ciel fasse
40%
Mourir sur scène veux
40%
Mon fils ma bataille Mon fils ma bataille
39%
Ciel retrouvé
39%
Mourir sur scène sans
39%
Ciel vert
39%
Ciel vue
39%
Ciel Ciel
38%
Ciel Ciel,
38%
Ciel ciel
38%
Ciel découvert
38%
Ciel étonnerait
38%
Ciel Ferrari
38%
On écrit sur les murs jours
38%
Ciel magicienne
38%
On écrit sur les murs monde
38%
Ciel siennes
38%
Ciel tombée
38%
Mourir sur scène cœur
37%
Le bleu lumière eau
37%
On écrit sur les murs rêves
37%
On écrit sur les murs venir
36%
On écrit sur les murs lève
35%
On écrit sur les murs écrit
34%
Le bleu lumière mer
34%
On écrit sur les murs murs
34%
On écrit sur les murs nom
34%
Le bleu lumière toujours
34%
On écrit sur les murs encre
33%
On écrit sur les murs force
33%
On écrit sur les murs forme
33%
On écrit sur les murs graffiti
33%
Mourir sur scène Oui,
33%
On écrit sur les murs veines
33%
On écrit sur les murs voudrait
33%
On écrit sur les murs dessine
32%
On écrit sur les murs endormi
32%
On écrit sur les murs espoirs
32%
On écrit sur les murs messages
32%
On écrit sur les murs On écrit sur les murs
30%
Le bleu lumière vent,
30%
Le bleu lumière touche
29%
Le bleu lumière irai
28%
Le bleu lumière haut
27%
Le bleu lumière loin
27%
Le bleu lumière appelle
26%
Mourir sur scène bout
26%
Mourir sur scène dernier
26%
Le bleu lumière lève
25%
Mourir sur scène jusqu'
24%
Le bleu lumière bleu
23%
Mourir sur scène chantant
22%
Mourir sur scène Devant
22%
Mourir sur scène mourir
22%
Mourir sur scène Mourir
22%
Mourir sur scène peine
22%
Mourir sur scène scène
22%
Mourir sur scène moindre
21%
Le bleu lumière pars,
21%
Mourir sur scène rendez-
21%
Mourir sur scène couleurs
20%
Mourir sur scène ouvert
20%
Mourir sur scène projecteurs
20%
Le bleu lumière horizon
19%
Mourir sur scène Mourir sur scène
19%
Le bleu lumière trésor
18%
Le bleu lumière Cache
17%
Le bleu lumière doucement,
17%
Le bleu lumière ignorent
17%
Le bleu lumière révèle
17%
Le bleu lumière Le bleu lumière
16%
Aucun quiz correspondant
Distribution des résultats
% des personnes avec chaque résultat
Percentile par nombre de réponses
Votre historique - résultats
Vous n’avez pas pris ce quiz